Tumors of the carotid body and related structures : (chemoreceptor system) /

Bibliographic Details
Main Author: LeCompte, Philip Medford
Corporate Authors: Armed Forces Institute of Pathology (U.S.), National Research Council (U.S.). Committee on Pathology
Format: Book
Language:English
Published: Washington, D.C. : Armed Forces Institute of Pathology, 1951.
Series:Atlas of tumor pathology. sect. IV, fasc. 16.
Subjects:

MARC

Tag First Indicator Second Indicator Subfields
LEADER 00000cam a2200000 a 4500
001 in00004451981
005 20210920093935.0
008 770603s1951 dcuaf b f00010 eng d
035 |a (OCoLC)03012581 
035 |z (UtOrBLW)205 
035 |a 784 
040 |a GXM  |c GXM  |d m.c.  |d m/c  |d TMV  |d UtOrBLW 
049 |a TMVM 
060 4 |a QZ 200  |b A88 sect.4 fasc.16 1951 
100 1 |a LeCompte, Philip Medford. 
245 1 0 |a Tumors of the carotid body and related structures :  |b (chemoreceptor system) /  |c by Philip M. LeCompte. 
264 1 |a Washington, D.C. :  |b Armed Forces Institute of Pathology,  |c 1951. 
264 2 |a Washington, D.C. :  |b For sale by the American Registry of Pathology. 
300 |a 40 pages, 1 unnumbered leaf of plates :  |b illustrations (some color) ;  |c 26 cm. 
336 |a text  |2 rdacontent  |b txt 
337 |a unmediated  |2 rdamedia 
338 |a volume  |2 rdacarrier  |b nc 
490 1 |a Atlas of tumor pathology ;  |v sect. IV, fasc. 16 
500 |a "Published under the auspices of the Subcommittee on Oncology of the Committee on Pathology of the National Research Council." 
504 |a Bibliography: pages 38-40. 
650 2 |a Carotid Body Tumor. 
655 2 |a Atlas. 
710 2 |a Armed Forces Institute of Pathology (U.S.) 
710 2 |a National Research Council (U.S.).  |b Committee on Pathology. 
830 0 |a Atlas of tumor pathology.  |n Second series ;  |v sect. IV, fasc. 16. 
999 |a MARS 
999 f f |s f546d1a7-67f6-37e4-aa87-a8556b511838  |i dc516ca2-5692-39f4-9b33-86397309f5ce  |t 0 
952 f f |p ric  |a Texas A&M University  |b Rellis Campus  |c Joint Library Facility  |d Remote Storage  |t 0  |e QZ 200 A88 sect.4 fasc.16 1951  |h National Library of Medicine classification  |i unmediated -- volume  |m 323890091855A 
998 f f |a QZ 200 A88 sect.4 fasc.16 1951  |t 0  |l Remote Storage